000 00284nam a22001097a 4500
082 _a333
100 _aUoadhyay, Anubhav
_982108
245 _aGeneral Studies Preview Environment & Ecology
260 _aAllahabad
_bSam_Samayik Ghatna Chakra
_c2023
650 _aEnvironment
942 _cBK
999 _c66453
_d66453